| 000 | 01249nac a22003371i 4500 | ||
|---|---|---|---|
| 003 | EG-ScBUE | ||
| 005 | 20240606094431.0 | ||
| 008 | 240606s1992 ilua f 001 0 eng d | ||
| 020 | _a0516083775 | ||
| 020 | _a9789231025945 | ||
| 040 |
_aEG-ScBUE _beng _erda _cEG-ScBUE _dEG-ScBUE |
||
| 043 | _aa-cc--- | ||
| 082 | 0 | 4 |
_a951 _222 _bTER |
| 100 | 1 |
_aTerzi, Marinella, _eauthor. |
|
| 245 | 1 | 4 |
_aThe Chinese Empire / _c[original text Marinella Terzi; translator Angela Ruiz]. |
| 264 | 1 |
_aChicago : _bChildrens Press, _c1992. |
|
| 300 |
_a33 pages : _bcolor illustrations ; _c30 cm. |
||
| 336 |
_2rdacontent _atext _btxt |
||
| 337 |
_aunmediated _2rdamedia _bn |
||
| 338 |
_avolume _bnc _2rdacarrier |
||
| 490 | 0 | _aThe world heritage | |
| 500 | _aIncludes index. | ||
| 520 | _aDiscusses the culture of China over a period of four thousand years and examines some of the structures and artwork that remain from that civilization. | ||
| 546 | _aText in English ; translated from the original Chinese. | ||
| 651 | 7 |
_aChina _xHistory _xJuvenile literature. _2BUEsh |
|
| 651 | 7 |
_aChina _xCivilization. _2BUEsh |
|
| 651 | 7 |
_aChina _xAntiquities. _2BUEsh |
|
| 655 | _vReading book | ||
| 700 | 1 |
_aRuiz, Angela, _etranslator. |
|
| 942 |
_cBB _2ddc |
||
| 999 |
_c7269 _d7269 |
||